书目信息 |
| 题名: |
形而上学的历史演变
|
|
| 作者: | 张志伟 主编 | |
| 分册: | ||
| 出版信息: | 北京 中国人民大学出版社 2016 |
|
| 页数: | 299页 | |
| 开本: | 24cm | |
| 丛书名: | ||
| 单 册: | ||
| 中图分类: | B081.1 | |
| 科图分类: | ||
| 主题词: | 形而上学--xing er shang xue--研究--西方国家 | |
| 电子资源: | ||
| ISBN: | 978-7-300-22798-6 | |
| 000 | 01215nam0 22002411 450 | |
| 001 | 1760951290 | |
| 005 | 20170619171938.0 | |
| 010 | @a978-7-300-22798-6@dCNY58.00 | |
| 100 | @a20160704d2016 em y0chiy50 ea | |
| 101 | 0 | @achi |
| 102 | @aCN@b110000 | |
| 105 | @ay z 000yy | |
| 106 | @ar | |
| 200 | 1 | @a形而上学的历史演变@9xing er shang xue de li shi yan bian@dThe development of western metaphysics@f张志伟主编@zeng |
| 210 | @a北京@c中国人民大学出版社@d2016 | |
| 215 | @a299页@d24cm | |
| 330 | @a本书以梳理形而上学的历史演变为主旨,概述了形而上学的概念、问题和历史演变,分别讨论了柏拉图的形式论、亚里士多德的形而上学、中世纪的形而上学、近代早期哲学中的形而上学、康德对形而上学的贡献、黑格尔与古典形而上学的终结、20世纪语言哲学视野下的形而上学、海德格尔与形而上学以及形而上学与后现代主义,大体上概述了形而上学在西方哲学不同历史时期的基本特征和表现形式,并且重点分析了在形而上学史上具有里程碑意义的哲学理论,比较全面地梳理了形而上学的历史演变过程。 | |
| 510 | 1 | @aDevelopment of western metaphysics@zeng |
| 606 | 0 | @a形而上学@9xing er shang xue@x研究@x西方国家 |
| 690 | @aB081.1@v5 | |
| 701 | 0 | @a张志伟@9zhang zhi wei@f(1956~)@4主编 |
| 801 | 0 | @aCN@b百万庄@c20170617 |
| 905 | @b1013724-6@dB081.1@e74@f3 | |
| 形而上学的历史演变=The development of western metaphysics/张志伟主编.-北京:中国人民大学出版社,2016 |
| 299页;24cm |
| ISBN 978-7-300-22798-6:CNY58.00 |
| 本书以梳理形而上学的历史演变为主旨,概述了形而上学的概念、问题和历史演变,分别讨论了柏拉图的形式论、亚里士多德的形而上学、中世纪的形而上学、近代早期哲学中的形而上学、康德对形而上学的贡献、黑格尔与古典形而上学的终结、20世纪语言哲学视野下的形而上学、海德格尔与形而上学以及形而上学与后现代主义,大体上概述了形而上学在西方哲学不同历史时期的基本特征和表现形式,并且重点分析了在形而上学史上具有里程碑意义的哲学理论,比较全面地梳理了形而上学的历史演变过程。 |
| ● |
| 相关链接 |
|
|
|
|
正题名:形而上学的历史演变
索取号:B081.1/74
 
预约/预借
| 序号 | 登录号 | 条形码 | 馆藏地/架位号 | 状态 | 备注 |
| 1 | 1013724 | 210137243 | 第一样本阅览室/ [索取号:B081.1/74] | 在馆 | |
| 2 | 1013725 | 210137252 | 第一借阅区/ [索取号:B081.1/74] | 在馆 | |
| 3 | 1013726 | 210137261 | 教育系资料室/ [索取号:B081.1/74] | 在馆 |